| 000 | 00447nam a2200181Ia 4500 | ||
|---|---|---|---|
| 008 | 230524s9999 xx 000 0 und d | ||
| 020 | _a9780123706065 | ||
| 082 |
_a5.133 _bpat |
||
| 100 | _aDavid A.Patterson | ||
| 245 | 0 | _aComputer Organisation and Design | |
| 250 | _a3rd | ||
| 260 |
_aSINGAPORE _bMorgan _c2005 |
||
| 300 | _aXVIII;621 | ||
| 500 | _aQuantity Number: 37 | ||
| 650 | _aComp-Sc | ||
| 700 | _a John L.Hennessy | ||
| 942 | _cBK | ||
| 999 |
_c28821 _d28821 |
||